LEADER 01419nam a2200325 u 4500 001 000000028973 003 CaOOAMICUS 005 20070226111849.0 008 961209s1994 it a u000 u ita u 020 $a8802047219 035 $a10747540 040 $aEFR$bita$dBSR 100 1 $aNotario, Paola.$0(OLS)http://pul/name/23515 245 13$aIl Piemonte sabaudo.$nII,$pDal periodo napoleonico al Risorgimento /$cPaola Notario, Narciso Nada. 246 30$aDal periodo napoleonico al Risorgimento 260 $aTorino :$bUTET,$cc1993. 300 $a485 p., [34] p. de pl. :$bill. ;$c25 cm 490 1 $aStoria d'Italia ;$v8, 2 500 $aIncludes index. 504 $aBibliography: p. [443]-476. 651 4$aPiemonte$xStoria.$0(OLS)http://pul/subject/6221 700 1 $aNada, Narciso.$0(OLS)http://pul/name/17739 830 0$aStoria d'Italia (UTET) ;$v8, 2.$0(OLS)http://pul/title/35394 850 $aPUL 852 $aPUL$W1$xSL Cons. Gen., Altre Classi 1$y1$m1396.B$j35905$nBK-PRI$b $qStampati$B40186$CPULBib$Z2$F40186 $H69847 $81 941 1 $a8 996 $6020$a8802047219$9(OLS)http://pul/number/36073 996 $6245$aIl Piemonte sabaudo.$nII,$pDal periodo napoleonico al Risorgimento$9(OLS)http://pul/title/39592 996 $6246$aDal periodo napoleonico al Risorgimento$9(OLS)http://pul/title/39593 996 $6260$aTorino :$bUTET$9(OLS)http://pul/publisher/48088 LEADER 01439nam a2200289 u 4500 001 000000058692 003 CaOOAMICUS 005 20070226120723.0 008 010611s2000 it u000 u ita u 020 $a8814080178 035 $a10892172 040 $aPUL$bita 100 1 $aFrigo, Manlio.$0(OLS)http://pul/name/29782 245 13$aLe limitazioni dei diritti patrimoniali privati nel diritto internazionale /$cManlio Frigo. 260 $aMilano :$bGiuffrè,$c2000. 300 $axii, 247 p. ;$c25 cm 490 1 $aUniversità degli studi di Milano. Facoltà di scienze politiche. dipartimento di studi internazionali ;$v16 650 4$aPatrimonio familiare (diritto).$0(OLS)http://pul/subject/20004 650 4$aDiritto internazionale.$0(OLS)http://pul/subject/2505 830 0$aFacoltà di scienze politiche dell'Università degli studi di Milano.$pDipartimento di studi internazionali ;$v16.$0(OLS)http://pul/title/78636 850 $aPUL 852 $aPUL$W1$xDP2 Diritto e Scienze Sociali 3$y110$m341. 484 FRIMA 1$j175215$nBK-PRI$b $qDDC 21$B76642$CPULBib$Z2$F76642 $H84722 $81 941 1 $a9 961 $aPrecedente Collocazione: DCiv 59 16 996 $6020$a8814080178$9(OLS)http://pul/number/74463 996 $6245$aLe limitazioni dei diritti patrimoniali privati nel diritto internazionale$9(OLS)http://pul/title/78635 996 $6260$aMilano :$bGiuffrè$9(OLS)http://pul/publisher/48401